[Event "Hessenliga 1516"]
[Site "Germany"]
[Date "2016.03.06"]
[Round "8.6"]
[White "Nothnagel, Markus"]
[Black "Schlitzer, Felix"]
[Result "1-0"]
[WhiteElo "2241"]
[BlackElo "1781"]
[PlyCount "45"]
[EventDate "2015.09.27"]
[EventType "team-tourn"]
[EventRounds "9"]
[EventCountry "GER"]
[SourceTitle "EXT 2018"]
[Source "ChessBase"]
[SourceDate "2017.10.13"]
[SourceVersion "1"]
[SourceVersionDate "2017.10.13"]
[SourceQuality "1"]
[WhiteTeam "Griesheim II"]
[BlackTeam "Dotzheim"]
[WhiteTeamCountry "GER"]
[BlackTeamCountry "GER"]

1. b3 d5 2. Bb2 c5 3. e3 Nc6 4. f4 Nf6 5. Nf3 e6 6. Bb5 Bd7 7. 0-0 Be7 8. Qe2 a6 9. Bxc6 Bxc6 10. Ne5 Bb5 11. d3 0-0 12. Nd2 Be8 13. e4 Nd7 14. Rae1 Nxe5 15. Bxe5 Bf6 16. Bxf6 Qxf6 17. e5 Qe7 18. Qg4 f6 19. exf6 Rxf6 20. Re5 Bg6 21. Rfe1 Bf5 22. Qe2 Rg6 23. Rxf5 1-0

[Event "Rhein Main op-B 18th"]
[Site "Bad Homburg"]
[Date "2015.06.07"]
[Round "7"]
[White "Schlitzer, Felix"]
[Black "Varma, Christopher"]
[Result "1-0"]
[WhiteElo "1683"]
[BlackElo "1820"]
[PlyCount "103"]
[EventDate "2015.06.03"]
[EventType "swiss"]
[EventRounds "7"]
[EventCountry "GER"]
[SourceTitle "CBM 167 Extra"]
[Source "ChessBase"]
[SourceDate "2015.09.14"]
[SourceVersion "1"]
[SourceVersionDate "2015.09.14"]
[SourceQuality "1"]

1. d4 Nf6 2. c4 g6 3. Bf4 Bg7 4. Nc3 0-0 5. Nf3 d6 6. e3 c5 7. Be2 Nh5 8. Bg3 Nxg3 9. hxg3 cxd4 10. exd4 Qa5 11. a3 Nd7 12. b4 Qd8 13. Rc1 b6 14. Ng5 h6 15. Bf3 Rb8 16. Nh3 e5 17. Nb5 exd4 18. 0-0 Ne5 19. Nxa7 Bxh3 20. gxh3 Qd7 21. Nb5 Nxc4 22. Nxd4 d5 23. Nc6 Qxc6 24. Bxd5 Qd7 25. Bxc4 Qxh3 26. Qd6 Rfd8 27. Qxg6 Rb7 28. Rfd1 Rxd1+ 29. Rxd1 Rd7 30. Rxd7 Qxd7 31. Qxb6 Bd4 32. Qb8+ Kg7 33. Qf4 f6 34. a4 Be5 35. Qf3 Qxa4 36. Qg4+ Kf8 37. Qe6 Qd1+ 38. Kg2 Qh5 39. b5 Qe8 40. Qg8+ Ke7 41. Qh7+ Kd6 42. Qxh6 Qa8+ 43. Kg1 Qa1+ 44. Kh2 Kc5 45. Be2 Qe1 46. Qf8+ Kb6 47. Qd8+ Kc5 48. Qc8+ Kb6 49. Qa6+ Kc5 50. Qc6+ Kb4 51. Qc4+ Ka5 52. Kg2 1-0

[Event "Rhein Main op-B 18th"]
[Site "Bad Homburg"]
[Date "2015.06.06"]
[Round "6"]
[White "Groetzinger, Waldemar"]
[Black "Schlitzer, Felix"]
[Result "0-1"]
[WhiteElo "1795"]
[BlackElo "1683"]
[PlyCount "84"]
[EventDate "2015.06.03"]
[EventType "swiss"]
[EventRounds "7"]
[EventCountry "GER"]
[SourceTitle "CBM 167 Extra"]
[Source "ChessBase"]
[SourceDate "2015.09.14"]
[SourceVersion "1"]
[SourceVersionDate "2015.09.14"]
[SourceQuality "1"]

1. d4 d5 2. e3 Nf6 3. Bd3 g6 4. f4 Bg4 5. Nf3 Bg7 6. 0-0 c5 7. c3 Nbd7 8. h3 Bxf3 9. Qxf3 0-0 10. Nd2 e6 11. g4 h5 12. e4 cxd4 13. e5 hxg4 14. hxg4 dxc3 15. bxc3 Rc8 16. exf6 Bxf6 17. Rb1 Bxc3 18. Kg2 Qa5 19. Rh1 Rfd8 20. Qh3 Kf8 21. Nf3 Qxa2+ 22. Kg3 Nc5 23. Rxb7 Nxb7 24. Bxg6 Ke7 25. Qh4+ Kd6 26. f5 Rh8 27. Bf4+ Kc6 28. Ne5+ Bxe5 29. Rc1+ Nc5 30. Qe7 Bxf4+ 31. Kxf4 Qd2+ 32. Ke5 Qxc1 33. Qd6+ Kb5 34. Bxf7 Qe3+ 35. Kf6 exf5 36. Qxd5 Rh6+ 37. Kxf5 Qf2+ 38. Kg5 Qh4+ 39. Kf4 Rf6+ 40. Ke3 Qg3+ 41. Ke2 Rf2+ 42. Ke1 Qg1# 0-1

[Event "Rhein Main op-B 18th"]
[Site "Bad Homburg"]
[Date "2015.06.04"]
[Round "2"]
[White "Schlitzer, Felix"]
[Black "Neubauer, Robert"]
[Result "0-1"]
[WhiteElo "1683"]
[BlackElo "1817"]
[PlyCount "72"]
[EventDate "2015.06.03"]
[EventType "swiss"]
[EventRounds "7"]
[EventCountry "GER"]
[SourceTitle "CBM 167 Extra"]
[Source "ChessBase"]
[SourceDate "2015.09.14"]
[SourceVersion "1"]
[SourceVersionDate "2015.09.14"]
[SourceQuality "1"]

1. d4 Nf6 2. c4 g6 3. Nf3 Bg7 4. Nc3 d5 5. e3 0-0 6. Be2 dxc4 7. Bxc4 c5 8. 0-0 cxd4 9. Nxd4 Qc7 10. Qb3 Ng4 11. g3 Ne5 12. Bd5 a6 13. Bd2 Nbd7 14. Rac1 Nc5 15. Qa3 Ncd3 16. Rc2 Bh3 17. Na4 Qd7 18. Nb6 Qd8 19. Qb3 Rb8 20. Rd1 Qd6 21. Ba5 Nc5 22. Qa3 Ned7 23. Nb3 Qf6 24. Nxc5 Nxb6 25. Bxb6 Qxb6 26. Na4 Qf6 27. Rc7 Rbd8 28. Qb3 b5 29. Nc3 e6 30. Bb7 b4 31. Qxb4 Rxd1+ 32. Nxd1 Rd8 33. Qb3 Rb8 34. Rc8+ Rxc8 35. Bxc8 Qf3 36. Bb7 Qe2 0-1

[Event "Hessen-ch U18"]
[Site "Bad Homburg"]
[Date "2012.??.??"]
[Round "2"]
[White "Berberich, Andreas"]
[Black "Schlitzer, Felix"]
[Result "0-1"]
[WhiteElo "1323"]
[BlackElo "1332"]
[PlyCount "70"]
[EventDate "2012.04.??"]
[EventType "swiss"]
[EventRounds "9"]
[EventCountry "GER"]
[SourceTitle "EXT 2015"]
[Source "ChessBase"]
[SourceDate "2014.11.20"]
[SourceVersion "1"]
[SourceVersionDate "2014.11.20"]
[SourceQuality "1"]

1. e4 e5 2. Nf3 Nc6 3. Bb5 Nd4 4. Nxd4 exd4 5. d3 Nf6 6. 0-0 c6 7. Ba4 d5 8. exd5 Nxd5 9. Bb3 Be6 10. Re1 Be7 11. Nd2 0-0 12. Nf3 Nc7 13. Bf4 Bxb3 14. Bxc7 Qxc7 15. axb3 Bf6 16. Re4 Qb6 17. Nd2 Rfe8 18. Nc4 Qc5 19. Ra5 b5 20. Nd2 Re7 21. Rxe7 Qxe7 22. Ne4 Be5 23. Qf3 Bxh2+ 24. Kxh2 Qc7+ 25. Qg3 Qxa5 26. Nf6+ Kh8 27. Qh4 Qc7+ 28. g3 gxf6 29. Qxf6+ Kg8 30. Qg5+ Kf8 31. Qh6+ Ke7 32. Qg5+ Kd7 33. Qf5+ Kd8 34. Qf6+ Kc8 35. Qh8+ Kb7 0-1